000 00293nam a2200133Ia 4500
005 20251218184123.0
008 251218s9999 xx 000 0 und d
082 _aENC. 01.1
100 _aUniversitas
245 0 _a La Vida Clasificación
250 _a1ra. ed.
264 _bSalvat
942 _cLIB
999 _c98
_d98